Evidence that demands a verdict : (Record no. 967)

MARC details
000 -LEADER
fixed length control field 00839cam a2200241Ia 4500
001 - CONTROL NUMBER
control field 21535
003 - CONTROL NUMBER IDENTIFIER
control field GBCCL
005 - DATE AND TIME OF LATEST TRANSACTION
control field 20241126110350.0
008 - FIXED-LENGTH DATA ELEMENTS--GENERAL INFORMATION
fixed length control field 741113s1972 cau 001 0 eng u
035 ## - SYSTEM CONTROL NUMBER
System control number (OCoLC)01073698
040 ## - CATALOGING SOURCE
Transcribing agency PGP
Modifying agency OCL
-- PIT
049 ## -
-- LBBK
-- 1-2
-- LBBT
-- LBBC
082 ## - DEWEY DECIMAL CLASSIFICATION NUMBER
Classification number 239
Item number MCD
092 ## - LOCALLY ASSIGNED DEWEY CALL NUMBER (OCLC)
Classification number 239
Item number M138
100 1# - MAIN ENTRY--PERSONAL NAME
Personal name McDowell, Josh.
9 (RLIN) 1225
245 10 - TITLE STATEMENT
Title Evidence that demands a verdict :
Remainder of title historical evidences for the Christian faith /
Statement of responsibility, etc. compiled by Josh McDowell.
260 ## - PUBLICATION, DISTRIBUTION, ETC.
Place of publication, distribution, etc. [San Bernardino, Calif. :
Name of publisher, distributor, etc. Campus Crusade for Christ International,
Date of publication, distribution, etc. 1972]
300 ## - PHYSICAL DESCRIPTION
Extent ix, 387 p. :
Other physical details ill. ;
Dimensions 24 cm.
630 00 - SUBJECT ADDED ENTRY--UNIFORM TITLE
Uniform title Bible.
Name of part/section of a work O.T.
-- Pentateuch
General subdivision Criticism, interpretation, etc.
9 (RLIN) 1595
630 00 - SUBJECT ADDED ENTRY--UNIFORM TITLE
Uniform title Bible.
Name of part/section of a work N.T.
-- Gospels
General subdivision Criticism, Form.
9 (RLIN) 1596
650 #0 - SUBJECT ADDED ENTRY--TOPICAL TERM
Topical term or geographic name entry element Apologetics
Chronological subdivision 20th century.
9 (RLIN) 1383
942 ## - ADDED ENTRY ELEMENTS (KOHA)
Source of classification or shelving scheme Dewey Decimal Classification
Koha item type Books
Koha issues (borrowed), all copies 21
Holdings
Withdrawn status Lost status Source of classification or shelving scheme Damaged status Not for loan Home library Current Library Shelving location Date acquired Total checkouts Total renewals Full call number Barcode Date last seen Date last checked out Copy number Price effective from Koha item type
    Dewey Decimal Classification     GRACE BIBLE COLLEGE GRACE BIBLE COLLEGE Theology 2017-03-31 23 4 239 MCD 000997 2025-05-01 2024-07-03 c.1 2017-03-31 Books
© Grace Bible College Library 2025